|
|
|
|
| LEADER |
00869nab a2200157 i 4500 |
| 001 |
univ48780 |
| 005 |
20181001095724.0 |
| 008 |
181001s2018 hu o 0|| zxx d |
| 040 |
|
|
|a SZTE UnivHistória Repozitórium
|b hun
|
| 041 |
|
|
|a zxx
|
| 245 |
0 |
0 |
|a SZTE-s kutatónő kapta a L'Oreal és az UNESCO elismerését
|h [elektronikus dokumentum]
|
| 260 |
|
|
|c 2018-09-26
|
| 490 |
0 |
|
|a SZTE Info
|
| 561 |
|
|
|a Egyetemi hirarchívum
|
| 695 |
|
|
|a Csapó Edit, Általános Orvostudományi Kar, Orvosi Vegytani Intézet, Természettudományi és Informatikai Kar, Fizikai Kémiai és Anyagtudományi Tanszék, Ösztöndíj - L'Oréal-UNESCO A Nőkért és a Tudományért, Kitüntetés
|
| 856 |
4 |
0 |
|u http://univ.bibl.u-szeged.hu/48780/1/Szegedi%20Tudom%C3%A1nyegyetem%20_%20SZTE-s%20kutat%C3%B3n%C5%91%20kapta%20a%20L%27Oreal%20%C3%A9s%20az%20UNESCO%20elismer%C3%A9s%C3%A9t.pdf
|z Dokumentum-elérés
|